000 00630nam a2200253Ia 4500
005 20260121153849.0
008 008 260114s9999 xx 000 0 eng d
020 _a9781315786674
037 _aEBOOK
040 _aCRL
040 _beng
040 _cCRL
041 _2eng
041 _aeng
084 _qCRL
100 _aJudith L Johnson; William G. McCown
_91000065
245 0 _aFamily Therapy of Neurobehavioral Disorders
260 _bTaylor and Francis
260 _c1997
856 _uhttp://www.taylorfrancis.com/books/9781315786674
942 _cEBOOK
999 _c1566886
_d1566886